000 01387 a2200217 4500
003 Nust
005 20220811153638.0
010 _a 2004059307
020 _a0824753852
040 _cNust
082 0 0 _a621.381045,PAR
100 1 _aParker, Michael A.
_961029
245 1 0 _aPhysics of optoelectronics /
_cMichael A. Parker.
246 3 0 _aOptoelectronics
260 _aBoca Raton, FL :
_bTaylor & Francis,
_c2005.
300 _axvi, 742 p. :
_bill. ;
_c26 cm.
505 _aIntroduction to Semiconductor Lasers (Page-2), Introduction to Laser Dynamics (Page-47), Classical Electromagnetic and Lasers (Page-108), Mathematical Foundations (Page-197), Fundamentals of Dynamics (Page-257),Light (Page-353), Matter 'Alight Interaction (Page-480), Semiconductor Emitters and Detectors (Page-611), Review of Integrating Factors (Page-681), Rate and Continuity Equations (Page-683), The Group Velocity (Page-685), Review of Probability Theory and Statistics (Page-693),The Dirac Delta Function (Page-701), Coordinate Representations of the Schrodinger Wave Equation (Page-713), Integrals with Two Time Scales (Page-715), The Dipole Approximation (Page-719 ), The Density Operator and the Boltzmann Distribution (Page-723).
650 0 _aTelecommunication Engineering.
856 4 2 _3Publisher description
_uhttp://www.loc.gov/catdir/enhancements/fy0648/2004059307-d.html
942 _cREF
_2ddc
999 _c175554
_d175554